000 00597nam a2200241Ia 4500
003 OSt
005 20221007071815.0
006 a|||||r|||| 00| 0
007 ta
008 221006b |||||||| |||| 00| 0 eng d
024 _a24,879
037 _cTextual
040 _aFLL
_cFLL
_beng
041 _2eng
_aeng
082 _aZ3, K7
100 _aFairest P.B.
_9689468
245 0 _aBook of English law
250 _a6th
260 _aLondon
_bJohn Murray London
_c1967
300 _axvi,1-376p
_ccm.
942 _hZ3, K7
_cTEXL
_2CC
999 _c1144387
_d1144387